Statistics for History by Picture - L

Click here to take the quiz!

General Stats

  • This quiz has been taken 15,910 times
    (15,876 since last reset)
  • The average score is 13 of 18

Answer Stats

Answer% Correct
Abraham Lincoln
99%
John Lennon
91%
Latin
90%
Vladimir Lenin
90%
Great Fire of {London}
85%
Lance
82%
Martin Luther
75%
{Little} Boy
73%
{Louisiana} Territory
70%
Lyre
70%
Liberia
66%
{Lighthouse} of Alexandria
65%
Lacrosse
60%
Luxor
58%
Leonidas
56%
Lusitania
55%
Harper Lee
48%
The {Levant}
35%

Score Distribution

Percentile by Number Answered

Percent of People with Each Score

Your Score History

You have not taken this quiz since the last reset